| 000 | 01425cam a2200373 a 4500 | ||
|---|---|---|---|
| 001 | 1074 | ||
| 005 | 20230815161055.0 | ||
| 008 | 930609s1992 nyua j 000 1 eng | ||
| 020 | _a059045854X (pbk.) : | ||
| 040 |
_aDLC _cDLC _dDLC _beng |
||
| 050 | 0 | 0 |
_aPZ7.D128 _bGh 1992 |
| 082 | 0 | 0 |
_a[Fic] _220 |
| 100 | 1 | _aDadey, Debbie | |
| 245 | 1 | 0 |
_aGhosts don't eat potato chips / _cby Debbie Dadey and Marcia Thornton Jones ; illustrated by John Steven Gurney. |
| 260 |
_aNew York : _bScholastic, _c1992. |
||
| 300 |
_a67 pages : _billustrations ; _c20 cm |
||
| 490 | 1 |
_aThe adventures of the Bailey School kids ; _vBook 5 |
|
| 500 | _a"A Little Apple paperback." | ||
| 500 | _a"RL3 007-010"--Cover p. 4. | ||
| 505 | _aP | ||
| 520 | _aFor use in schools and libraries only. There are some pretty weird grown-ups living in Bailey City--and a lot of strange happenings. The Bailey School Kids take it upon themselves to investigate. | ||
| 521 |
_a640
_bLexile |
||
| 521 |
_aP
_bRaz-Plus |
||
| 650 | 0 |
_aGreat-aunts _vFiction. |
|
| 650 | 0 | _aGhost stories. | |
| 650 | 0 |
_aHaunted houses _vFiction. |
|
| 650 | 0 |
_aBailey School Kids (Fictitious characters) _vFiction. |
|
| 655 | 7 |
_aAdventure fiction. _2gsafd |
|
| 655 | 7 |
_aChildren's stories. _2lcsh |
|
| 700 | 1 | _aJones, Marcia Thornton. | |
| 700 | 1 |
_aGurney, John Steven, _d1962- |
|
| 906 |
_a7 _bcbc _corignew _d2 _encip _f19 _gy-gencatlg |
||
| 942 |
_2ddc _cBK _n0 |
||
| 999 |
_c1074 _d1074 |
||